000 00254nam a22001097a 4500
003 SGT
005 20260702091645.0
245 _aJOURNAL OF MINIMAL ACCESS SURGERY
260 _aINDIA
_bWOLTERS KLUWER
_c2018 TO 2020
300 _a364,361,450
942 _2ddc
_cBV
999 _c34995
_d34995